000 00725nam a22002297a 4500
001 000427
003 DO-SdBNP
005 20171213095341.0
007 000427
008 160728b 1994 cl ||||| |||| 00| 0 spa d
020 _a958-04-0730-4
020 _a9789580407300
040 _aBPMSU
_bspa
_cBPMSU
092 _axxxxx
_bxxxxx
240 1 0 _aMinas de Falun.
_lEspañol.
245 1 0 _aAfortunado en el juego ;
_bLas minas de Falun /
_c E.T.A. Hoffmann ; traducción de Carmen Bravo-Villasante ; ilustraciones de Alfredo Lleras.
260 _aBogatá :
_bNorma,
_c1989.
300 _a117 p. ;
_c19 cm.
942 _2ddc
_cBK
945 _ainventariado extranjero / DG
956 _2LOPEREZ
_310
_620160728
_8BPMSU
_a00041
999 _c11050
_d11050